Teoría de la economía estática
Gespeichert in:
| 1. Verfasser: | |
|---|---|
| Format: | Buch |
| Sprache: | Spanisch |
| Veröffentlicht: |
Englewood Cliffs
Prentice-Hall
1974
|
| Schlagworte: | |
| Tags: |
Tag hinzufügen
Keine Tags, Fügen Sie den ersten Tag hinzu!
|
MARC
| LEADER | 00000nam a2200000 a 4500 | ||
|---|---|---|---|
| 001 | UCR8061 | ||
| 003 | CL-VaPUC | ||
| 008 | 980519e19740000us |||||||||||||||||spa|d | ||
| 082 | 0 | 4 | |a 330.1 |b BRE |2 21 |
| 100 | |a Brennan, Michael J |e author |9 409714 | ||
| 245 | 1 | 0 | |a Teoría de la economía estática |
| 300 | |a 460 p | ||
| 942 | |c BK | ||
| 945 | |d 19980519 00:00:00 |a crobeson | ||
| 260 | |a Englewood Cliffs |b Prentice-Hall |c 1974 | ||
| 650 | 0 | |a Economía |9 255568 | |
| 650 | 0 | |a Teoría económica |9 315055 | |
| 650 | 0 | |a Precios |9 260787 | |
| 650 | 0 | |a Producción |9 263680 | |
| 583 | |a last modification |c 20150430 09:48:38 |k Rodrigo Vera | ||
| 999 | |c 269627 |d 269625 | ||
| 952 | |0 0 |1 0 |4 0 |6 330_100000000000000_BRE_1974 |7 0 |8 A |9 303424 |a BIBENE |b BIBENE |d 2019-11-20 |i 1402854 |o 330.1 BRE 1974 |p 1402854 |r 2025-01-15 |w 2019-11-20 |y BK |k ICO | ||